| 000 | 00470nam a2200133Ia 4500 | ||
|---|---|---|---|
| 008 | 260210s9999 xx 000 0 und d | ||
| 024 | _a08B-037-TE, 07B-036-TE & 07B-041-TE | ||
| 082 | _a621.3692072 KHA | ||
| 100 | _aAbdul Ahad Khan, Muhammad Usman Zafar & Muhammad Usman Adil | ||
| 245 | 0 | _aTwo Way Voice Communication VIA Fiber Optics | |
| 260 |
_aKarachi: _bUITU, _c2012 |
||
| 600 | _aTelecommunication Engineering | ||
| 650 | _aBachelor of Engineering (BE) | ||
| 999 |
_c33583 _d33583 |
||